| 000 | 00506nam a22001937a 4500 | ||
|---|---|---|---|
| 003 | CEME | ||
| 005 | 20210628205206.0 | ||
| 008 | 210211b xxu||||| |||| 00| 0 eng d | ||
| 020 | _a0-471-10426-4 | ||
| 040 | _c. | ||
| 082 | _a005.133 GHE'P | ||
| 100 |
_aJazayes, Mehdi Ghezzi, Carle _974358 |
||
| 245 | _aProgramming language concepts | ||
| 250 | _a3RD | ||
| 260 |
_aNEWYORK _bJOHN WILEY _c1997 |
||
| 300 | _aXIX,427P | ||
| 650 |
_aPROGRAMMING LANGUAGE ELECTRIC COMPUTER _974359 |
||
| 942 |
_cBK _2ddc |
||
| 999 |
_c579896 _d579896 |
||